The rhetoric of political leadership : (Record no. 31544)

000 -LEADER
fixed length control field 03280cam a2200349 i 4500
001 - CONTROL NUMBER
control field 21330998
005 - DATE AND TIME OF LATEST TRANSACTION
control field 20230314123415.0
008 - FIXED-LENGTH DATA ELEMENTS--GENERAL INFORMATION
fixed length control field 191210s2020 enka b 001 0 eng d
010 ## - LIBRARY OF CONGRESS CONTROL NUMBER
LC control number 2019956703
020 ## - INTERNATIONAL STANDARD BOOK NUMBER
International Standard Book Number 9781789904574
020 ## - INTERNATIONAL STANDARD BOOK NUMBER
International Standard Book Number 1789904579
020 ## - INTERNATIONAL STANDARD BOOK NUMBER
Canceled/invalid ISBN 9781789904581
035 ## - SYSTEM CONTROL NUMBER
System control number (OCoLC)on1128200254
040 ## - CATALOGING SOURCE
Original cataloging agency YDX
Language of cataloging eng
Transcribing agency YDX
Description conventions rda
Modifying agency YDXIT
-- OCLCQ
-- OCLCF
-- DLC
042 ## - AUTHENTICATION CODE
Authentication code lccopycat
050 00 - LIBRARY OF CONGRESS CALL NUMBER
Classification number JC330.3
Item number .R46 2020
082 04 - DEWEY DECIMAL CLASSIFICATION NUMBER
Classification number 320.01/4
Edition number 23
245 04 - TITLE STATEMENT
Title The rhetoric of political leadership :
Remainder of title logic and emotion in public discourse /
Statement of responsibility, etc. edited by Ofer Feldman.
260 ## - PUBLICATION, DISTRIBUTION, ETC. (IMPRINT)
Place of publication, distribution, etc. Cheltenham, UK, :
Name of publisher, distributor, etc. Edward Elgar Publishing,
Date of publication, distribution, etc. 2020
300 ## - PHYSICAL DESCRIPTION
Extent xiii, 250 pages :
Other physical details illustrations ;
Dimensions 25 cm
504 ## - BIBLIOGRAPHY, ETC. NOTE
Bibliography, etc Includes bibliographical references and index.
505 0# - FORMATTED CONTENTS NOTE
Formatted contents note Introduction : persuasive speaking and evoking political behavior / Ofer Feldman -- Part I Persuasive leadership : emotion, style, and identity in national and international arenas -- Gender, emotion and political discourse : masculinity, femininity and populism / Carol Johnson -- What makes a speech effective? Netanyahu's and Obama's SPECtrum of Rhetoric Intelligences (SPEC/RI) in United Nations speeches 2009-2012 / Michelle Stein Teer -- Xi Jinping's governance philosophy and language style : analysis of the Chinese leader's speeches / Jianxin Wang -- The French state of emergency : marginalization of the Muslim minority as a consequence of state self-legitimation / Bruno Mendelski -- Part II Evoking behavior: the rhetoric of presidential inauguration, televised interview, and election campaign -- Battling for America's soul : Donald Trump, invited behavior, and the midterm elections of 2018 / Michael Alan Krasner -- Political Public Relations (PPR) techniques: emotional input and output / Albina Gayoso -- The rhetoric of broadcast talk shows in Japan: the art of equivocation as a political skill / Ofer Feldman -- Politicians' use of moral appeals in British political advertising 1983-2017 / Annemarie Walter -- Facial expressions in election campaign posters: the effect of smiling on winning political seats during the -- 2017 Japanese lower house election / Masahiko Asano -- Part III Social media discourse : populism, negative campaigns, and the use of artificial intelligence -- They are lying to us! The rhetoric of direct communication by populist politicians and its effects on the electorate : evidence from the Netherlands / Michael Hameleers -- Emotion, reason, and political attacks on Facebook : the use of rhetorical appeals in the 2014 Brazilian presidential race / Ícaro Joathan and Francisco Paulo Jamil Marques -- Political discourse through artificial intelligence : parliamentary practices and public perceptions of chatbot communication in social media / Chen Sabag Ben-Porat and Sam Lehman-Wilzig.
650 #0 - SUBJECT ADDED ENTRY--TOPICAL TERM
Topical term or geographic name as entry element Political leadership.
650 #0 - SUBJECT ADDED ENTRY--TOPICAL TERM
Topical term or geographic name as entry element Rhetoric.
650 #7 - SUBJECT ADDED ENTRY--TOPICAL TERM
Topical term or geographic name as entry element Political leadership.
Source of heading or term fast
650 #7 - SUBJECT ADDED ENTRY--TOPICAL TERM
Topical term or geographic name as entry element Rhetoric.
Source of heading or term fast
700 1# - ADDED ENTRY--PERSONAL NAME
Personal name Feldman, Ofer,
Dates associated with a name 1954-
Relator term editor.
906 ## - LOCAL DATA ELEMENT F, LDF (RLIN)
a 7
b cbc
c copycat
d 2
e epcn
f 20
g y-gencatlg
942 ## - ADDED ENTRY ELEMENTS (KOHA)
Source of classification or shelving scheme
Koha item type Hard Covered Materials
Classification part JC330.3 .R46 2020
Holdings
Withdrawn status Lost status Source of classification or shelving scheme Damaged status Not for loan Home library Current library Shelving location Date acquired Source of acquisition Cost, normal purchase price Total Checkouts Full call number Barcode Date last seen Date last checked out Price effective from Koha item type
          MACHAKOS UNIVERSITY LIBRARY MACHAKOS UNIVERSITY LIBRARY Open shelf 14/03/2023 Purchase(Urban Book Centre) 13074.00 1 JC330.3 .R46 2020 39339 17/10/2024 03/10/2024 14/03/2023 Hard Covered Materials
© Machakos University Library, Along The Highway, Machakos Wote Rd, Machakos, Kenya P.O. Box 136 - 90100 Machakos - Kenya

Tel: ( +254 ) 723 805829 OR Fax : 044-20353 OR Email: library@mksu.ac.ke